000 00515nam a2200193Ia 4500
003 GCL
008 140319s9999 xx 000 0 eng d
040 _aGCL /
_cGCL
082 0 4 _a658.562
_bC T
100 1 _aCOTTMAN, RONALD J.
245 1 0 _aTOTAL ENGINEERING QUALITY MANAGEMENT /
_cCOTTMAN, RONALD J.
260 _a[S.N] :
_bMarcel Dekker, inc. ،
_c1993
650 0 4 _aTOTAL QUALITY
650 0 4 _aPRODUCTION MANAGEMENT
650 0 4 _aCONTROL
650 0 4 _aQUALITY
650 0 4 _aMANAGEMENT
942 _2ddc
_cBK
999 _c19146
_d19146